00000000nam##2200000za#4500
0019.663718
003CaOODSP
00520210615121159
007ta
008150407|2002||||xxc|||||     f|0| 0 fre|d
020 |a0-662-66537-6
040 |aCaOODSP|bfre
041 |aeng
041 |afre
043 |an-cn---
0861 |aSW21-93/2002
1101 |aCanada. |bCondition féminine Canada.
24510|aPromotion de la santé mentale des jeunes immigrantes : |bexpériences et estime de soi post-migratoires
260 |aOttawa - Ontario : |bCondition féminine Canada |c2002.
300 |aviii, 80p. : |c28 cm.
504 |aBibliographie.
563 |aCouverture souple
590 |a02-26|b2002-06-28
69107|aFemme|2gcpds
69107|aImmigrant|2gcpds
69107|aRecherche|2gcpds
69107|aSanté mentale|2gcpds
7201 |aKahnlou, Nazilla
7760#|tMental health promotion among newcomer female youth : |w(CaOODSP)9.686296
791 |tMental health promotion among newcomer female youth : |eeng|w(CaOODSP)9.663717